Public papers of the Presidents of the United States, 1957 (Record no. 388921)

000 -LEADER
fixed length control field 00435cam a22001097a 4500
008 - FIXED-LENGTH DATA ELEMENTS--GENERAL INFORMATION
fixed length control field 180718b1957 xxu||||| |||| 00| 0 eng d
082 ## - DEWEY DECIMAL CLASSIFICATION NUMBER
Classification number A452x73 Un3
100 ## - MAIN ENTRY--PERSONAL NAME
Personal name Eisenbower, Dwight D.
245 ## - TITLE STATEMENT
Title Public papers of the Presidents of the United States, 1957
Statement of responsibility, etc. by Dwight D. Eisenbower
260 ## - PUBLICATION, DISTRIBUTION, ETC.
Place of publication, distribution, etc. Washington, D.C.
Name of publisher, distributor, etc. Federal Register Division, National Archives and records Service, General Services Administration
Date of publication, distribution, etc. 1957
300 ## - PHYSICAL DESCRIPTION
Extent 939p.
Holdings
Withdrawn status Lost status Damaged status Not for loan Permanent Location Current Location Date acquired Full call number Barcode Date last seen Price effective from Koha item type
        Indian Institute of Public Administration Indian Institute of Public Administration 1999-04-03 A452x73 Un3 16101 2018-07-21 2018-07-21 Book

Powered by Koha